| 000 | 00513nam a22001817a 4500 | ||
|---|---|---|---|
| 005 | 20251108170831.0 | ||
| 008 | 250721s9999 xx 000 0 ara d | ||
| 082 | 1 | 4 | _a214.2/شها |
| 100 | 1 | _aالشهاوى، مجدي | |
| 245 | 1 | 0 | _aالمسيح الدجال ويأجوج ومأجوج / |
| 250 | _aمجد | ||
| 264 | 1 |
_aالقاهرة : _bمكتبة الايمان، |
|
| 300 | _a80ص. | ||
| 650 | 1 | 7 | _aاليوم الآخر |
| 650 | 1 | 7 | _aعلامات الساعة |
| 942 |
_2ddc _cBK |
||
| 999 |
_c50112 _d50112 |
||